| 000 | 01085nam a2200289 a 4500 | ||
|---|---|---|---|
| 001 | 000022946 | ||
| 005 | 20240604202930.0 | ||
| 008 | 101123s1969 sp r 000 0 spa d | ||
| 040 |
_aDO-SdBNP _bspa _cBNPHU |
||
| 041 | 1 | 7 |
_aspa _heng _2Código de idioma MARC |
| 082 |
_a337 _bB154p |
||
| 100 | 1 |
_aBailey, Richard. _947178 |
|
| 240 | 1 | 0 |
_aProblems of the world economy. _lEspañol. |
| 245 | 1 | 0 |
_aProblemas de la economía mundial / _cRichard Bailey ; traducción de Ana Martínez Pujana. |
| 260 |
_aBarcelona,(España) : _bEditorial Labor, _c1969. |
||
| 300 |
_a185, [6] p. ; _c20 cm. |
||
| 490 | 1 |
_aNueva colección Labor _v99 |
|
| 534 |
_aTítulo original: _tProblems of the world economy. |
||
| 500 | _aIncluye referencias bibliográficas : p. 179-[181]. | ||
| 500 | _aIncluye notas al pie de las páginas | ||
| 650 | 0 |
_a Relaciones económicas internacionales _91067 |
|
| 650 | 0 |
_aPolítica económica _984931 |
|
| 650 | 0 |
_aFinanzas internacionales _97882 |
|
| 700 | 1 |
_aMartínez Pujana, Ana _etr. _947179 |
|
| 830 | 0 |
_aNueva colección Labor ; _v99 _947180 |
|
| 049 | _aBNGR | ||
| 999 |
_c22443 _d22443 |
||